| 000 | 00833nam a22001937a 4500 | ||
|---|---|---|---|
| 999 |
_c166837 _d166837 |
||
| 005 | 20190809152854.0 | ||
| 010 | _aUR-10364 | ||
| 020 |
_c80.00 _a- |
||
| 035 | _aU-8919 | ||
| 037 | _bDBAD/PUB | ||
| 082 | _a270 | ||
| 100 | _aعبد العظيم ا صلا حی | ||
| 245 |
_aشير با ز ا ر ميں سر ما يا کا ر ی مو حو د ہ طر يقہ کا ر ا و ر ا سلا می نقطہ نظر _cعبد العظيم ا صلا حی |
||
| 246 |
_bShares Bazar mein Sarmayah kari Moujudaha Tariqah-e-Kar Aur Islami Nuqta-e-Nazar(Urdu) _aby Abdul Azeem Islahi |
||
| 260 |
_aNew Delhi _bMarkazi Maktaba Islami Publishers _c2014 ء |
||
| 270 |
_aD-307,Dawat Nagar,Abul Fazal Enclave,Jamia Nagar, _bNew Delhi _e110025 _k26971652 _l- |
||
| 300 |
_a152 ص _c22 Cm(Hb) |
||
| 942 |
_2ddc _cUR _h270 _mع ب د |
||